Código penal versionado.

Guardat en:
Dades bibliogràfiques
Autor principal: Enríquez Arancibia, Pablo (autor)
Format: Desconegut
Idioma:anglès
Publicat: Santiago, Chile: Thomson Reuters, 2024.
Edició:1ª edción.
Matèries:
Etiquetes: Afegir etiqueta
Sense etiquetes, Sigues el primer a etiquetar aquest registre!

MARC

LEADER 00000 a2200000 4500
003 CL-VaPUC
005 20241004151104.0
008 240927t2024 ||||| |||| 00| 0 eng d
999 |c 444907  |d 444905 
020 |a 978-956-400-558-X 
040 |c Pontificia Universidad Católica de Valparaíso 
082 |2 22  |a 345.83 ARA 2024 
100 |a Enríquez Arancibia, Pablo  |9 891822  |e autor 
245 |a Código penal versionado.  
250 |a 1ª edción. 
260 |a Santiago, Chile:   |b Thomson Reuters,   |c 2024. 
300 |a XI, 347 páginas.  
583 |k Yessy Díaz Vidal   |c 20240927 
650 0 |9 255935  |a Código penal  |x Crímenes y delitos   |z Chile  
650 0 |9 11  |a Derecho penal  |x Modificaciones   |y 2014-2024  |z Chile  
942 |2 ddc  |c BK 
952 |0 0  |1 0  |2 ddc  |4 0  |6 345_830000000000000_ARA_2024  |7 0  |8 A  |9 597046  |a BIBDER  |b BIBDER  |d 2024-09-27  |e 31  |g 0.00  |i 5662867  |o 345.83 ARA 2024  |p 5662867  |r 2024-09-27  |t 1  |v 0.00  |w 2024-09-27  |y BK  |k DER